000 00785nam a2200241Ia 4500
003 OSt
005 20220923220952.0
006 a|||||r|||| 00| 0
007 ta
008 220922b |||||||| |||| 00| 0 hin d
024 _a192,995
037 _cTextual
040 _aARTS
_cARTS
_bhin
041 _2hin
_ahin
082 _aV2:1:N, 152K6
100 _aजैन, ज्योति प्रसाद
245 0 _aभारतीय इतिहास
_b एक दृष्टि
246 _aBhāratīya itihāsa: ek dṛuṣhṭi
260 _c1966
490 _aज्ञानपीठ लोकोदय ग्रंथमाल; 145
942 _hV2:1:N, 152K6
_cTEXL
_2CC
999 _c345496
_d345496